[Event "CZE-chT2D 1920"]
[Site "Czech Republic"]
[Date "2020.02.23"]
[Round "9.4"]
[White "Fisar, Josef"]
[Black "Ringel, Zbynek"]
[Result "0-1"]
[WhiteElo "2063"]
[BlackElo "2272"]
[PlyCount "94"]
[EventDate "2019.10.13"]
[EventType "team-tourn"]
[EventRounds "11"]
[EventCountry "CZE"]
[SourceTitle "EXT 2024"]
[Source "ChessBase"]
[SourceDate "2023.10.10"]
[SourceVersion "1"]
[SourceVersionDate "2023.10.10"]
[SourceQuality "1"]
[WhiteTeam "Zdar nad Sazavou"]
[BlackTeam "Hradec Kralove Slavia"]
[WhiteTeamCountry "CZE"]
[BlackTeamCountry "CZE"]

1. e4 c5 2. Nf3 e6 3. d3 Nc6 4. g3 d5 5. Nbd2 Bd6 6. Bg2 Nge7 7. 0-0 Bd7 8. Re1 Qc7 9. c3 0-0 10. Nf1 Rae8 11. Ng5 f6 12. exd5 exd5 13. Ne6 Bxe6 14. Rxe6 Qd7 15. Re1 d4 16. Nd2 Kh8 17. Ne4 Ng6 18. c4 a6 19. f4 b5 20. b3 Re7 21. Bd2 Rfe8 22. Qh5 Nb4 23. Bxb4 cxb4 24. Rec1 bxc4 25. Rxc4 Bxf4 26. gxf4 Nxf4 27. Qf3 Ng6 28. Rcc1 Re5 29. Rd1 f5 30. Ng5 Qe7 31. Qh5 h6 32. Qxg6 hxg5 33. Rac1 g4 34. Qh5+ Kg8 35. Qg6 Qh4 36. Bd5+ Kh8 37. Rf1 Re2 38. Qd6 Rd8 39. Qg3 Qxg3+ 40. hxg3 Rxd5 41. Rf2 Re3 42. Rh2+ Kg8 43. Rc8+ Kf7 44. Rc7+ Kg6 45. Rc6+ Kg5 46. Kf2 Rxd3 47. Rh7 Rd7 0-1

[Event "Pardubice Czech op-A 29th"]
[Site "Pardubice"]
[Date "2018.07.22"]
[Round "3"]
[White "Monnisha, GK."]
[Black "Fisar, Josef"]
[Result "1/2-1/2"]
[WhiteElo "2292"]
[BlackElo "2073"]
[PlyCount "92"]
[EventDate "2018.07.20"]
[EventType "swiss"]
[EventRounds "9"]
[EventCountry "CZE"]
[SourceTitle "CBM 185 Extra"]
[Source "ChessBase"]
[SourceDate "2018.07.29"]
[SourceVersion "1"]
[SourceVersionDate "2018.07.29"]
[SourceQuality "1"]

1. e4 d5 2. exd5 Qxd5 3. Nc3 Qd6 4. d4 Nf6 5. Nf3 a6 6. Ne5 Nc6 7. Nxc6 Qxc6 8. Bf4 Be6 9. Qd2 Nd5 10. Nxd5 Bxd5 11. f3 Rd8 12. b3 Qb6 13. Be2 e6 14. Rd1 Bd6 15. Bxd6 Qxd6 16. 0-0 0-0 17. Qe3 b5 18. c3 Qb6 19. Rd2 a5 20. f4 g6 21. h4 Qc6 22. Bd1 h5 23. Qg3 Kh7 24. Re1 Be4 25. Qe3 Bf5 26. a3 b4 27. axb4 axb4 28. c4 Qd6 29. Bf3 c5 30. Red1 cxd4 31. Qxd4 Qxd4+ 32. Rxd4 Rxd4 33. Rxd4 Bc2 34. Bd1 Bxd1 35. Rxd1 Ra8 36. Kf2 Ra2+ 37. Kf3 Rc2 38. Rd3 Kg7 39. g3 Kf6 40. Ke4 Ke7 41. Ke5 Rc1 42. Kd4 Kd6 43. Ke3+ Kc5 44. Kd2 Rg1 45. Ke2 Rg2+ 46. Kf3 Rc2 1/2-1/2

[Event "CZE-chT2D 1617"]
[Site "Czech Republic"]
[Date "2017.04.02"]
[Round "11.4"]
[White "Sykora, Josef"]
[Black "Fisar, Josef"]
[Result "1/2-1/2"]
[WhiteElo "2043"]
[BlackElo "2048"]
[PlyCount "27"]
[EventDate "2016.10.09"]
[EventType "team-tourn"]
[EventRounds "11"]
[EventCountry "CZE"]
[SourceTitle "EXT 2022"]
[Source "ChessBase"]
[SourceDate "2021.10.06"]
[SourceVersion "1"]
[SourceVersionDate "2021.10.06"]
[SourceQuality "1"]
[WhiteTeam "Pardubice Rapid II"]
[BlackTeam "Zdar nad Sazavou"]
[WhiteTeamCountry "CZE"]
[BlackTeamCountry "CZE"]

1. c4 b6 2. Nf3 Bb7 3. g3 Bxf3 4. exf3 c5 5. Bg2 Nc6 6. f4 Nh6 7. b3 Nf5 8. Bb2 h5 9. h4 e6 10. Nc3 Be7 11. Ne4 Rc8 12. Ng5 Bf6 13. Bc3 g6 14. 0-0 1/2-1/2

[Event "CZE-chT2D 1617"]
[Site "Czech Republic"]
[Date "2017.02.12"]
[Round "8.4"]
[White "Fisar, Josef"]
[Black "Holasek, Pavel"]
[Result "1-0"]
[WhiteElo "2048"]
[BlackElo "2071"]
[PlyCount "137"]
[EventDate "2016.10.09"]
[EventType "team-tourn"]
[EventRounds "11"]
[EventCountry "CZE"]
[SourceTitle "EXT 2022"]
[Source "ChessBase"]
[SourceDate "2021.10.06"]
[SourceVersion "1"]
[SourceVersionDate "2021.10.06"]
[SourceQuality "1"]
[WhiteTeam "Zdar nad Sazavou"]
[BlackTeam "Usti nad Orlici"]
[WhiteTeamCountry "CZE"]
[BlackTeamCountry "CZE"]

1. e4 c5 2. Nf3 e6 3. b3 b6 4. Bb2 Bb7 5. Nc3 a6 6. g3 d6 7. Bg2 Nf6 8. d3 Be7 9. 0-0 Nbd7 10. h3 b5 11. a4 Qb6 12. Qe2 0-0 13. axb5 axb5 14. Rxa8 Rxa8 15. Ra1 Rxa1+ 16. Bxa1 e5 17. Nd1 Qa7 18. Bc3 Bd8 19. Qd2 Nf8 20. Qc1 Ne6 21. Qa1 Qxa1 22. Bxa1 Ba5 23. Ne3 g6 24. c4 Bc6 25. h4 Kf8 26. Bh3 Nc7 27. Nd5 Bxd5 28. exd5 Ke7 29. Kf1 Ng8 30. g4 Nh6 31. Ng5 f6 32. Nxh7 Bd2 33. Ke2 Bc1 34. Nxf6 Kxf6 35. g5+ Bxg5 36. hxg5+ Kxg5 37. Bc3 b4 38. Bd2+ Kh4 39. Bxh6 Kxh3 40. f4 exf4 41. Bxf4 Ne8 42. d4 cxd4 43. Bd2 Kg4 44. Kd3 Kf5 45. Bxb4 Kf6 46. Kxd4 Ke7 47. Bd2 Kd7 48. Ke4 Ng7 49. Be3 Nf5 50. Bf2 Nh6 51. Kf4 Nf7 52. Bd4 Kc7 53. b4 Kb7 54. Bg7 Kc7 55. c5 dxc5 56. bxc5 Kd7 57. Be5 Kd8 58. c6 Ke7 59. Ke4 Ng5+ 60. Kd3 Nf3 61. Bg3 g5 62. Ke4 Nd2+ 63. Kf5 Nf3 64. Be5 g4 65. Bf4 Nd4+ 66. Kxg4 Nb5 67. Kf5 Na3 68. d6+ Ke8 69. d7+ 1-0

[Event "CZE-chT2D 1415"]
[Site "Czech Republic"]
[Date "2014.11.16"]
[Round "2.5"]
[White "Fisar, Josef"]
[Black "Varejcko, Josef"]
[Result "1-0"]
[WhiteElo "2066"]
[BlackElo "2186"]
[PlyCount "69"]
[EventDate "2014.11.02"]
[EventType "team-tourn"]
[EventRounds "11"]
[EventCountry "CZE"]
[SourceTitle "EXT 2022"]
[Source "ChessBase"]
[SourceDate "2021.10.06"]
[SourceVersion "1"]
[SourceVersionDate "2021.10.06"]
[SourceQuality "1"]
[WhiteTeam "Zdar nad Sazavou"]
[BlackTeam "Lipa ZVU Engineering"]
[WhiteTeamCountry "CZE"]
[BlackTeamCountry "CZE"]

1. e4 e5 2. Nf3 d6 3. d4 Nf6 4. Nc3 Nbd7 5. Bc4 Be7 6. Ng5 d5 7. exd5 0-0 8. 0-0 h6 9. Nf3 e4 10. Ne5 Nb6 11. Bb3 Bb4 12. Be3 a5 13. a3 Bxc3 14. bxc3 a4 15. Ba2 Nbxd5 16. Qd2 c6 17. c4 Nxe3 18. fxe3 Qe7 19. c5 Be6 20. Bxe6 Qxe6 21. Rab1 Rab8 22. c4 b5 23. cxb6 c5 24. Qb2 cxd4 25. exd4 Rb7 26. c5 Nd7 27. Nxd7 Qxd7 28. Qc3 Rc8 29. Rfc1 Rc6 30. Qc4 Rg6 31. c6 Rxg2+ 32. Kxg2 Qg4+ 33. Kf1 Qf3+ 34. Ke1 e3 35. Qf1 1-0

[Event "CZE-chT2D 0910"]
[Site "Czech Republic"]
[Date "2010.02.14"]
[Round "7.5"]
[White "Fisar, Josef"]
[Black "Bendl, Hynek"]
[Result "0-1"]
[WhiteElo "2087"]
[BlackElo "2070"]
[PlyCount "64"]
[EventDate "2009.10.18"]
[EventType "team-tourn"]
[EventRounds "11"]
[EventCountry "CZE"]
[SourceTitle "EXT 2012"]
[Source "ChessBase"]
[SourceDate "2011.11.24"]
[SourceVersion "1"]
[SourceVersionDate "2011.11.24"]
[SourceQuality "1"]
[WhiteTeam "Zdar nad Sazavou"]
[BlackTeam "Pelhrimov"]
[WhiteTeamCountry "CZE"]
[BlackTeamCountry "CZE"]

1. f4 g6 2. Nf3 Bg7 3. d4 c5 4. e3 Nf6 5. c3 b6 6. Bd3 d5 7. Ne5 Qc7 8. Qa4+ Bd7 9. Nxd7 Nbxd7 10. 0-0 0-0 11. Nd2 e6 12. h3 a6 13. Qc2 b5 14. Nf3 Rab8 15. Bd2 a5 16. a3 c4 17. Be2 Ne4 18. Be1 Ndf6 19. Bh4 Ne8 20. Ng5 N8d6 21. Bf3 Nf5 22. Bxe4 Nxh4 23. Qf2 h6 24. Nf3 Nxf3+ 25. Bxf3 b4 26. Qd2 bxc3 27. Qxc3 Rb3 28. Qd2 Rfb8 29. Ra2 Qb6 30. Rf2 Rd3 31. Qe2 Qb3 32. Ra1 Rxe3 0-1

[Event "CZE-chT2D 0910"]
[Site "Czech Republic"]
[Date "2009.10.18"]
[Round "1.6"]
[White "Fisar, Josef"]
[Black "Komarek, David"]
[Result "1/2-1/2"]
[WhiteElo "2087"]
[BlackElo "2152"]
[PlyCount "120"]
[EventDate "2009.10.18"]
[EventType "team-tourn"]
[EventRounds "11"]
[EventCountry "CZE"]
[SourceTitle "EXT 2012"]
[Source "ChessBase"]
[SourceDate "2011.11.24"]
[SourceVersion "1"]
[SourceVersionDate "2011.11.24"]
[SourceQuality "1"]
[WhiteTeam "Zdar nad Sazavou"]
[BlackTeam "Polabiny II"]
[WhiteTeamCountry "CZE"]
[BlackTeamCountry "CZE"]

1. f4 d5 2. Nf3 c5 3. e3 Nc6 4. b3 Nf6 5. Bb2 e6 6. Bb5 Bd7 7. 0-0 Be7 8. Bxc6 Bxc6 9. Ne5 Qc7 10. d3 Bd6 11. Nd2 0-0-0 12. Ndf3 Rdf8 13. Qe1 Ne8 14. c4 f6 15. Nxc6 Qxc6 16. Rc1 Nc7 17. b4 cxb4 18. c5 Be7 19. Qxb4 Qa6 20. Qb3 Kb8 21. Nd4 Ka8 22. a4 Rb8 23. f5 Rhd8 24. fxe6 Nxe6 25. Nxe6 Qxe6 26. Bd4 Rbc8 27. Rb1 Rd7 28. Rfc1 Rc6 29. Rc2 f5 30. Kf2 g6 31. g3 Rdc7 32. Rbc1 h5 33. Kg2 a6 34. Rb1 Rd7 35. Qc3 h4 36. Rcb2 Bd8 37. Be5 hxg3 38. hxg3 d4 39. Bxd4 Qd5+ 40. Kg1 Rh7 41. Rg2 Qf3 42. Qb3 Qh5 43. Kf2 Ka7 44. Qd5 Bc7 45. Be5 Bxe5 46. Qxe5 Qg5 47. Qc3 Re7 48. d4 Rce6 49. Re1 Qf6 50. Rh2 f4 51. gxf4 g5 52. Qd3 Rxe3 53. Rxe3 Qxf4+ 54. Ke2 Qxh2+ 55. Ke1 Qg3+ 56. Ke2 Rxe3+ 57. Qxe3 Qxe3+ 58. Kxe3 b5 59. cxb6+ Kxb6 60. Kf3 Kc6 1/2-1/2

[Event "CZE-chT2D 0809"]
[Site "Czech Republic"]
[Date "2009.01.25"]
[Round "7.5"]
[White "Fisar, Josef"]
[Black "Hajek, Lukas"]
[Result "1/2-1/2"]
[WhiteElo "2071"]
[BlackElo "2109"]
[PlyCount "40"]
[EventDate "2008.10.12"]
[EventType "team-tourn"]
[EventRounds "11"]
[EventCountry "CZE"]
[SourceTitle "EXT 2010"]
[Source "ChessBase"]
[SourceDate "2010.11.25"]
[SourceVersion "1"]
[SourceVersionDate "2010.11.25"]
[SourceQuality "1"]

1. f4 d5 2. Nf3 Nf6 3. e3 c5 4. b3 Nc6 5. Bb5 Qb6 6. a4 g6 7. Bb2 Bg7 8. 0-0 0-0 9. Bxc6 bxc6 10. Na3 Ba6 11. Re1 c4 12. Bc3 cxb3 13. cxb3 c5 14. Ne5 Rfd8 15. b4 d4 16. bxc5 Qxc5 17. Bxd4 Rxd4 18. exd4 Qxd4+ 19. Kh1 Ne4 20. Qf3 Nf2+ 1/2-1/2

[Event "Czechia KP-chTA 0607"]
[Site "Czech Republic"]
[Date "2006.11.12"]
[Round "2.2"]
[White "Fisar, Josef"]
[Black "Crha, Pavel"]
[Result "1/2-1/2"]
[WhiteElo "2086"]
[BlackElo "2127"]
[PlyCount "84"]
[EventDate "2006.10.29"]
[EventType "team"]
[EventRounds "11"]
[EventCountry "CZE"]
[SourceTitle "EXT 2008"]
[Source "ChessBase"]
[SourceDate "2007.11.25"]
[SourceVersion "1"]
[SourceVersionDate "2007.11.25"]
[SourceQuality "1"]
[WhiteTeam "Uholicky"]
[BlackTeam "Emerge MB B"]
[WhiteTeamCountry "CZE"]
[BlackTeamCountry "CZE"]

1. f4 d5 2. Nf3 Nf6 3. e3 c5 4. b3 g6 5. Bb2 Bg7 6. Be2 Nc6 7. 0-0 0-0 8. Bb5 Bd7 9. Bxc6 Bxc6 10. Ne5 Bd7 11. Qf3 Be6 12. d3 Ng4 13. Nd2 Nxe5 14. Bxe5 Bxe5 15. fxe5 Qc7 16. Qf4 Rac8 17. Nf3 f6 18. Qh4 Kg7 19. Qg3 c4 20. bxc4 dxc4 21. Nd4 Bd7 22. exf6+ exf6 23. Qxc7 Rxc7 24. Rab1 b6 25. Kf2 Rfc8 26. Ke2 Kf7 27. Rf2 Ke7 28. Rbf1 Rf8 29. Kd2 cxd3 30. cxd3 Be6 31. Nxe6 Kxe6 32. Rc1 Rfc8 33. Rxc7 Rxc7 34. Rf4 f5 35. Ra4 Ke5 36. g3 g5 37. Rb4 h6 38. Rb5+ Ke6 39. Rb4 Rc5 40. Ra4 a5 41. h4 Rb5 42. Kc2 Rc5+ 1/2-1/2

[Event "CZE-chT2d 0607"]
[Site "Czech Republic"]
[Date "2006.11.05"]
[Round "2"]
[White "Zavadil, Michal"]
[Black "Fisar, Josef"]
[Result "1-0"]
[WhiteElo "2107"]
[BlackElo "2087"]
[PlyCount "58"]
[EventDate "2006.10.15"]
[EventType "team"]
[EventRounds "11"]
[EventCountry "CZE"]
[SourceTitle "EXT 2009"]
[Source "ChessBase"]
[SourceDate "2008.11.26"]
[SourceVersion "1"]
[SourceVersionDate "2008.11.26"]
[SourceQuality "1"]

1. d4 Nf6 2. c4 g6 3. Nc3 d5 4. cxd5 Nxd5 5. e4 Nxc3 6. bxc3 Bg7 7. Nf3 0-0 8. Be2 c5 9. Rb1 cxd4 10. cxd4 Qa5+ 11. Bd2 Qxa2 12. 0-0 Qe6 13. Qc2 Qc6 14. Qd3 Qd7 15. Qe3 Nc6 16. d5 Ne5 17. Nxe5 Bxe5 18. f4 Bc7 19. Kh1 a6 20. Qd4 b5 21. Bc3 f6 22. e5 Bb7 23. Bf3 Bb8 24. Rbd1 Ba7 25. Qd2 Rac8 26. exf6 exf6 27. d6 Bxf3 28. Rxf3 Rce8 29. Qb2 Re4 1-0

[Event "CZE-chT2d 0405"]
[Site "Czech Republic"]
[Date "2005.??.??"]
[Round "9"]
[White "Cerveny, Martin"]
[Black "Fisar, Josef"]
[Result "1-0"]
[WhiteElo "2155"]
[BlackElo "2060"]
[PlyCount "77"]
[EventDate "2004.10.??"]
[EventType "team"]
[EventRounds "11"]
[EventCountry "CZE"]
[SourceTitle "EXT 2007"]
[Source "ChessBase"]
[SourceDate "2006.11.23"]
[SourceVersion "1"]
[SourceVersionDate "2006.11.23"]
[SourceQuality "1"]

1. d4 Nf6 2. c4 e6 3. Nf3 b6 4. g3 Bb7 5. Bg2 Be7 6. 0-0 0-0 7. Nc3 d6 8. Qc2 Nbd7 9. e4 c5 10. d5 e5 11. Ne1 a6 12. a4 Bc8 13. f4 Ne8 14. Nf3 Bf6 15. f5 h6 16. Be3 Bg5 17. Nxg5 hxg5 18. Bf3 Kh7 19. Qd2 f6 20. Kg2 Rh8 21. Rh1 Kg8 22. Qe2 Nf8 23. Qf2 Ra7 24. h3 g6 25. Bg4 gxf5 26. exf5 Qd7 27. Ne4 Qf7 28. h4 gxh4 29. Rxh4 Rxh4 30. gxh4 Qh7 31. Rh1 Rg7 32. Bg5 Ng6 33. fxg6 Qxg6 34. Nxf6+ Nxf6 35. Bxc8 Qe4+ 36. Kh2 Ng4+ 37. Bxg4 Qxg4 38. Rg1 Qxc4 39. Bh6 1-0

[Event "CZE-chT2d 0405"]
[Site "Czech Republic"]
[Date "2005.??.??"]
[Round "10"]
[White "Fisar, Josef"]
[Black "Belousek, Michal"]
[Result "1-0"]
[WhiteElo "2035"]
[BlackElo "2145"]
[PlyCount "123"]
[EventDate "2004.10.??"]
[EventType "team"]
[EventRounds "11"]
[EventCountry "CZE"]
[SourceTitle "EXT 2007"]
[Source "ChessBase"]
[SourceDate "2006.11.23"]
[SourceVersion "1"]
[SourceVersionDate "2006.11.23"]
[SourceQuality "1"]

1. f4 c5 2. e3 g6 3. Nf3 Bg7 4. d4 cxd4 5. exd4 Nf6 6. Bd3 d6 7. 0-0 0-0 8. Qe1 Nc6 9. c3 e5 10. fxe5 Re8 11. Qh4 dxe5 12. Bg5 e4 13. Bxe4 Rxe4 14. Qxe4 Nxe4 15. Bxd8 Nxd8 16. Nbd2 Nxd2 17. Nxd2 Bf5 18. Rae1 Nc6 19. Nf3 h6 20. Re3 Rd8 21. Rd1 Be6 22. b3 Bf6 23. Kf2 g5 24. h3 Ne7 25. Red3 Bf5 26. R3d2 Nd5 27. Rc1 g4 28. hxg4 Bxg4 29. Rd3 Bf5 30. Rdd1 Nf4 31. Ne5 Bxe5 32. dxe5 Nd3+ 33. Ke3 Rd5 34. Rc2 Rxe5+ 35. Kd4 Re8 36. Rcd2 Ne5 37. c4 Bg4 38. Rf1 Rd8+ 39. Kc3 Rxd2 40. Kxd2 Kg7 41. Ke3 Be6 42. Kd4 Nd7 43. Rf3 h5 44. Rg3+ Kf6 45. Rg8 Ke7 46. Ra8 a6 47. Ra7 Kd6 48. Rxb7 Kc6 49. Ra7 Nb8 50. c5 h4 51. b4 Bd5 52. Ra8 Bxg2 53. Rxb8 h3 54. Rb6+ Kc7 55. Rh6 f6 56. a4 Kb7 57. b5 axb5 58. axb5 Bf1 59. Rh7+ Kc8 60. b6 Bg2 61. c6 Bxc6 62. Rc7+ 1-0

[Event "CZE-chT2d 0405"]
[Site "Czech Republic"]
[Date "2005.??.??"]
[Round "6"]
[White "Fisar, Josef"]
[Black "Sladek, Vladislav"]
[Result "1/2-1/2"]
[WhiteElo "2035"]
[BlackElo "1890"]
[PlyCount "46"]
[EventDate "2004.10.??"]
[EventType "team"]
[EventRounds "11"]
[EventCountry "CZE"]
[SourceTitle "EXT 2007"]
[Source "ChessBase"]
[SourceDate "2006.11.23"]
[SourceVersion "1"]
[SourceVersionDate "2006.11.23"]
[SourceQuality "1"]

1. f4 d5 2. Nf3 Nf6 3. e3 c6 4. b3 Bg4 5. Be2 Nbd7 6. Bb2 e6 7. 0-0 Bd6 8. Ne5 Bxe2 9. Qxe2 Qc7 10. Nxd7 Qxd7 11. c4 dxc4 12. bxc4 Be7 13. d4 0-0 14. Nd2 c5 15. g4 e5 16. fxe5 Qxg4+ 17. Qg2 Qxg2+ 18. Kxg2 Ng4 19. Rf3 Rad8 20. Rd1 Bg5 21. Kh3 h5 22. d5 Bxe3 23. Ne4 Bd4 1/2-1/2